000 00562nam a2200229Ia 4500
003 OSt
005 20221005125350.0
006 a|||||r|||| 00| 0
007 ta
008 221004b |||||||| |||| 00| 0 kan d
024 _a61295
037 _cTextual
040 _aCRL
_cCRL
_bkan
041 _2kan
_akan
082 _aW5,N1, 33J1.2
100 _aGokarn Au.
_9636579
245 0 _aPasheimad pratibhe
260 _c1951
650 _aPOLITICAL SCIENCE
942 _hW5,N1, 33J1.2
_cTEXL
_2cc
999 _c1053804
_d1053804